|
|
|
|
| LEADER |
00000nam0a2200000 4500 |
| 001 |
138408 |
| 005 |
20231031141435.0 |
| 010 |
|
|
|a 5120022367
|
| 020 |
|
|
|a RU
|b 91-32760
|
| 035 |
|
|
|a (RuTPU)RU\TPU\book\149969
|
| 090 |
|
|
|a 138408
|
| 100 |
|
|
|a 20080524d1991 k a0rusy5003 ca
|
| 101 |
0 |
|
|a rus
|
| 102 |
|
|
|a UA
|
| 105 |
|
|
|a y z 001zy
|
| 200 |
1 |
|
|a Целеполагание в практике, культуре, познании
|f В. П. Загороднюк
|g АН УССР, Ин-т философии
|
| 210 |
|
|
|a Киев
|c Наукова думка
|d 1991
|
| 215 |
|
|
|a 170, [2] с.
|d 20 см
|
| 320 |
|
|
|a Библиогр.: с. 165-171.
|
| 610 |
1 |
|
|a культура
|
| 610 |
1 |
|
|a наука
|
| 610 |
1 |
|
|a познание
|
| 610 |
1 |
|
|a философские проблемы
|
| 610 |
1 |
|
|a общество
|
| 610 |
1 |
|
|a практическая жизнедеятельность
|
| 686 |
|
|
|a А550
|2 rubbk
|
| 700 |
|
1 |
|a Загороднюк
|b В. П.
|g Валерий Петрович
|4 070
|
| 712 |
0 |
2 |
|a Академия наук Украинской ССР (АН УССР)
|b Институт философии
|2 stltpush
|3 (RuTPU)RU\TPU\col\12865
|
| 801 |
|
0 |
|a RU
|b RuMRKP
|c 19950417
|g psbo
|
| 801 |
|
1 |
|a RU
|b 63413507
|c 20080524
|g PSBO
|
| 801 |
|
2 |
|a RU
|b 63413507
|c 20170124
|g PSBO
|
| 942 |
|
|
|c BK
|